Advertising Slogans Quiz Stats

 Plays Quiz Updated Apr 30, 2018

Support Sporcle.
Go Orange.
Score 0/18 Timer 03:00
0 Plays Today
Slogan Answer % Correct
Just do it.Nike
92%
I'm loving it! McDonald's
91.5%
Priceless.MasterCard
75.2%
Can you hear me now? Good.Verizon
74.2%
Snap, Crackle, Pop.Rice Krispies
74%
He keeps going and going and going.Energizer
71.9%
The quicker picker-upper.Bounty
71.2%
Zoom ZoomMazda
67.2%
Melts in your mouth, not in your hands.M&Ms
66.1%
Slogan Answer % Correct
Breakfast of champions.Wheaties
64.7%
Once You Pop, You Can't Stop.Pringles
64.6%
That was easy.Staples
62.9%
Where's the beef?Wendy's
42.2%
Good to the last drop.Maxwell House
34.7%
Think Different.Apple Inc.
31.7%
We try harder.Avis
23.2%
A Diamond is Forever.DeBeers
22.8%
We bring good things to life.General Electric
22.5%

You're not logged in!

Compare scores with friends on all Sporcle quizzes.
OR
Log In

From the Vault

Marvel Hero Actor Match

by ghcgh

All the costumes and VFX might complicate matters here.
Remove Ads.
Support Sporcle.
Get the best of Sporcle when you Go Orange. This ad-free experience offers more features, more stats, and more fun while also helping to support Sporcle. Thank you for becoming a member.

Show Comments

Extras

Top Quizzes Today


Score Distribution

Your Account Isn't Verified!

In order to create a playlist on Sporcle, you need to verify the email address you used during registration. Go to your Sporcle Settings to finish the process.

Report this User

Report this user for behavior that violates our Community Guidelines.

Details: